[Event "Oberliga Nord N 1617"]
[Site "Germany"]
[Date "2017.05.07"]
[Round "9.6"]
[White "Hohlbein, Michael"]
[Black "Grohde, Wolfgang"]
[Result "1-0"]
[WhiteElo "2087"]
[BlackElo "2087"]
[PlyCount "55"]
[EventDate "2016.10.16"]
[EventType "team-tourn"]
[EventRounds "9"]
[EventCountry "GER"]
[SourceTitle "EXT 2018"]
[Source "ChessBase"]
[SourceDate "2017.10.13"]
[SourceVersion "1"]
[SourceVersionDate "2017.10.13"]
[SourceQuality "1"]
[WhiteTeam "Marmstorf"]
[BlackTeam "Neumuenster Agon"]
[WhiteTeamCountry "GER"]
[BlackTeamCountry "GER"]

1. d4 d5 2. Bf4 Nf6 3. e3 c5 4. c3 Qb6 5. Qb3 c4 6. Qc2 Nc6 7. Nd2 g6 8. e4 dxe4 9. Nxc4 Qd8 10. 0-0-0 e6 11. f3 exf3 12. Nxf3 Nd5 13. Bg5 Qc7 14. Ne3 Nxe3 15. Bxe3 Bg7 16. h4 h5 17. Bd3 Ne7 18. Ne5 0-0 19. g4 hxg4 20. h5 Nf5 21. hxg6 fxg6 22. Qh2 Bxe5 23. dxe5 Qg7 24. Bxf5 gxf5 25. Bh6 Qh7 26. Qh5 b6 27. Qg5+ Kf7 28. Qf6+ 1-0

[Event "Oberliga Nord N 1617"]
[Site "Germany"]
[Date "2017.04.23"]
[Round "8.5"]
[White "Thannheiser, Thomas"]
[Black "Grohde, Wolfgang"]
[Result "1/2-1/2"]
[WhiteElo "2228"]
[BlackElo "2087"]
[PlyCount "95"]
[EventDate "2016.10.16"]
[EventType "team-tourn"]
[EventRounds "9"]
[EventCountry "GER"]
[SourceTitle "EXT 2018"]
[Source "ChessBase"]
[SourceDate "2017.10.13"]
[SourceVersion "1"]
[SourceVersionDate "2017.10.13"]
[SourceQuality "1"]
[WhiteTeam "Luebeck"]
[BlackTeam "Neumuenster Agon"]
[WhiteTeamCountry "GER"]
[BlackTeamCountry "GER"]

1. e4 c5 2. Nf3 e6 3. c3 d5 4. exd5 exd5 5. d4 Nf6 6. Bb5+ Bd7 7. Be2 Nc6 8. 0-0 cxd4 9. Nxd4 Be7 10. Be3 0-0 11. Nd2 a6 12. N2f3 Qc7 13. Bg5 Rfe8 14. Re1 Ng4 15. Bxe7 Rxe7 16. h3 Nf6 17. Bd3 Rxe1+ 18. Qxe1 Re8 19. Qd1 Ne7 20. Qc2 Ng6 21. Bxg6 hxg6 22. Rd1 Nh5 23. Re1 Rxe1+ 24. Nxe1 Nf4 25. Qd2 Qd6 26. Nd3 Nxd3 27. Qxd3 Qe5 28. Qd2 Kf8 29. f3 f6 30. Ne2 g5 31. Kf2 Ke7 32. b3 Kf7 33. c4 Bc6 34. c5 Bb5 35. Nd4 Bc6 36. a4 Kg8 37. Qd3 Bd7 38. Qc3 Qh2 39. Qe1 Kf7 40. Qg1 Qe5 41. Qd1 Qc7 42. Qc2 g6 43. Kf1 Qa5 44. Ke2 Qc7 45. Kd1 Qa5 46. Ke2 Qc7 47. Kd1 Qa5 48. Ke2 1/2-1/2

[Event "Oberliga Nord N 1617"]
[Site "Germany"]
[Date "2017.02.05"]
[Round "5.7"]
[White "Grohde, Wolfgang"]
[Black "Celmer, Ole"]
[Result "1/2-1/2"]
[WhiteElo "2087"]
[BlackElo "1917"]
[PlyCount "101"]
[EventDate "2016.10.16"]
[EventType "team-tourn"]
[EventRounds "9"]
[EventCountry "GER"]
[SourceTitle "EXT 2018"]
[Source "ChessBase"]
[SourceDate "2017.10.13"]
[SourceVersion "1"]
[SourceVersionDate "2017.10.13"]
[SourceQuality "1"]
[WhiteTeam "Neumuenster Agon"]
[BlackTeam "Rostock"]
[WhiteTeamCountry "GER"]
[BlackTeamCountry "GER"]

1. d4 Nf6 2. Nf3 e6 3. g3 b6 4. Bg2 Bb7 5. 0-0 Be7 6. c4 0-0 7. Nc3 c5 8. d5 d6 9. e4 exd5 10. exd5 Nbd7 11. Re1 Re8 12. h3 Nf8 13. Qc2 Ng6 14. b3 Bc8 15. Bb2 Bd7 16. a4 Qc8 17. Kh2 Bf5 18. Qd2 h5 19. Re2 h4 20. Nxh4 Nxh4 21. gxh4 Nh5 22. Rae1 Qd7 23. Bf3 Bg6 24. Bg4 f5 25. Bf3 Bxh4 26. Rg1 Qf7 27. Nb5 Rxe2 28. Qxe2 Rd8 29. Qe6 Qxe6 30. dxe6 Nf4 31. Rd1 Nxe6 32. Bd5 Bf7 33. Rg1 g5 34. Bxe6 Bxe6 35. Bf6 Rd7 36. f4 a6 37. Nc3 d5 38. cxd5 Bxd5 39. Bxg5 Bxg5 40. Rxg5+ Kh7 41. Rh5+ Kg6 42. Rg5+ Kf6 43. Rh5 Bxb3 44. Rh6+ Ke7 45. Rxb6 Rd2+ 46. Kg1 Bc4 47. a5 Rd3 48. Na4 Rxh3 49. Nxc5 Ra3 50. Nxa6 Rxa5 51. Nb4 1/2-1/2

[Event "Oberliga Nord N 1617"]
[Site "Germany"]
[Date "2016.10.16"]
[Round "1.5"]
[White "Lampe, Joerg"]
[Black "Grohde, Wolfgang"]
[Result "1/2-1/2"]
[WhiteElo "2171"]
[BlackElo "2087"]
[PlyCount "79"]
[EventDate "2016.10.16"]
[EventType "team-tourn"]
[EventRounds "9"]
[EventCountry "GER"]
[SourceTitle "EXT 2018"]
[Source "ChessBase"]
[SourceDate "2017.10.13"]
[SourceVersion "1"]
[SourceVersionDate "2017.10.13"]
[SourceQuality "1"]
[WhiteTeam "Hamburg Koenigsspringer"]
[BlackTeam "Neumuenster Agon"]
[WhiteTeamCountry "GER"]
[BlackTeamCountry "GER"]

1. e4 c5 2. c3 d5 3. exd5 Qxd5 4. d4 g6 5. Nf3 Bg7 6. Be2 Nc6 7. dxc5 Qxc5 8. Be3 Qa5 9. Nbd2 Nf6 10. Nb3 Qc7 11. Nbd4 Ng4 12. Bg5 0-0 13. Nxc6 bxc6 14. 0-0 Rb8 15. Qc1 c5 16. h3 Ne5 17. Nxe5 Bxe5 18. Bf3 Bb7 19. Bxb7 Rxb7 20. Re1 f6 21. Bh6 Rfb8 22. f4 Bd6 23. b3 c4 24. b4 Rb5 25. f5 Rxf5 26. Qe3 Re5 27. Qd2 Rbb5 28. Rad1 Rxe1+ 29. Rxe1 Qc6 30. Qd4 Qb6 31. Be3 Qxd4 32. Bxd4 a6 33. a4 Rd5 34. Kf2 e5 35. Ba7 Rd3 36. Re3 Rd2+ 37. Re2 Rd3 38. Re3 Rd2+ 39. Re2 Rd3 40. Re3 1/2-1/2

[Event "Bayern-chI Bank Hofmann 19th"]
[Site "Bad Wiessee"]
[Date "2015.11.01"]
[Round "2"]
[White "Grohde, Wolfgang"]
[Black "Weber, Ulrich"]
[Result "0-1"]
[WhiteElo "2085"]
[BlackElo "2380"]
[PlyCount "72"]
[EventDate "2015.10.31"]
[EventType "swiss"]
[EventRounds "9"]
[EventCountry "GER"]
[SourceTitle "EXT 2017"]
[Source "ChessBase"]
[SourceDate "2016.10.25"]
[SourceVersion "1"]
[SourceVersionDate "2016.10.25"]
[SourceQuality "1"]

1. d4 Nf6 2. c4 g6 3. Nc3 Bg7 4. e4 d6 5. Nge2 0-0 6. Ng3 c5 7. d5 e6 8. Be2 exd5 9. cxd5 h5 10. Bg5 Qb6 11. Qd2 Nh7 12. h4 Nd7 13. a4 a6 14. a5 Qc7 15. Bh6 Re8 16. Bxg7 Kxg7 17. Ra3 Ndf6 18. Qf4 Rb8 19. 0-0 b5 20. axb6 Rxb6 21. Nd1 Rb4 22. Bxa6 Nxe4 23. Bxc8 Nxg3 24. Qxg3 Rxc8 25. Ra6 Rd8 26. Qc3+ Nf6 27. Ne3 Qb7 28. Rfa1 Rxb2 29. Nc4 Rb1+ 30. Rxb1 Qxb1+ 31. Kh2 Qe4 32. g3 Qxd5 33. Ne3 Qf3 34. Kg1 Kg8 35. Qa5 Re8 36. Rxd6 Ne4 0-1

[Event "Oberliga Nord N 1415"]
[Site "Germany"]
[Date "2015.04.12"]
[Round "9.5"]
[White "Schumacher, Norbert"]
[Black "Grohde, Wolfgang"]
[Result "1-0"]
[WhiteElo "2210"]
[BlackElo "2100"]
[PlyCount "63"]
[EventDate "2014.09.21"]
[EventType "team-tourn"]
[EventRounds "9"]
[EventCountry "GER"]
[SourceTitle "EXT 2016"]
[Source "ChessBase"]
[SourceDate "2015.10.08"]
[SourceVersion "1"]
[SourceVersionDate "2015.10.08"]
[SourceQuality "1"]
[WhiteTeam "Hamburger SK III"]
[BlackTeam "Neumuenster Agon"]
[WhiteTeamCountry "GER"]
[BlackTeamCountry "GER"]

1. d4 d5 2. c4 c6 3. Nf3 Nf6 4. Nc3 e6 5. cxd5 exd5 6. Bg5 Be7 7. e3 Bf5 8. Nh4 Be6 9. Bd3 h6 10. Bf4 Ne4 11. Nf3 Nf6 12. h3 Nbd7 13. Qc2 a6 14. 0-0 0-0 15. Rac1 Rc8 16. Qe2 c5 17. dxc5 Nxc5 18. Rfd1 Nxd3 19. Qxd3 Qa5 20. a3 Rfd8 21. Nd4 Qb6 22. b4 Qa7 23. Nce2 Ne4 24. Bc7 Re8 25. Nf4 Bf8 26. Rc2 Nd6 27. Bxd6 Bxd6 28. Rxc8 Bxc8 29. Nxd5 b5 30. Rc1 Bb7 31. Nc6 Qa8 32. Nb6 1-0

[Event "Oberliga Nord N 1415"]
[Site "Germany"]
[Date "2014.11.09"]
[Round "3.7"]
[White "Wenzel, Birger"]
[Black "Grohde, Wolfgang"]
[Result "0-1"]
[WhiteElo "2034"]
[BlackElo "2100"]
[PlyCount "74"]
[EventDate "2014.09.21"]
[EventType "team-tourn"]
[EventRounds "9"]
[EventCountry "GER"]
[SourceTitle "EXT 2016"]
[Source "ChessBase"]
[SourceDate "2015.10.08"]
[SourceVersion "1"]
[SourceVersionDate "2015.10.08"]
[SourceQuality "1"]
[WhiteTeam "Eppendorf Johanneum"]
[BlackTeam "Neumuenster Agon"]
[WhiteTeamCountry "GER"]
[BlackTeamCountry "GER"]

1. e4 c5 2. c3 d5 3. exd5 Qxd5 4. d4 g6 5. Be3 cxd4 6. cxd4 Bg7 7. Nc3 Qa5 8. Qd2 Nf6 9. Nf3 0-0 10. Bc4 a6 11. 0-0 b5 12. Bb3 Bb7 13. Ne5 e6 14. Bh6 Nc6 15. Bxg7 Kxg7 16. Rad1 Rad8 17. Qf4 Nb4 18. Qh4 Qb6 19. Rfe1 Bd5 20. Nxd5 Nbxd5 21. Rd3 Ne7 22. Red1 Rd6 23. Qf4 Nfd5 24. Bxd5 Rxd5 25. g4 f6 26. Rh3 g5 27. Qe4 h6 28. Nf3 Ng6 29. Ne1 Nf4 30. Re3 Rfd8 31. Nf3 Rc8 32. h4 Qc7 33. Rc3 Qd7 34. Rdc1 Rxc3 35. Rxc3 e5 36. Qf5 Qxf5 37. gxf5 Ne2+ 0-1

[Event "Bayern-chI Bank Hofmann 18th"]
[Site "Bad Wiessee"]
[Date "2014.10.26"]
[Round "3"]
[White "Singer, Christoph"]
[Black "Grohde, Wolfgang"]
[Result "1-0"]
[WhiteElo "2362"]
[BlackElo "2104"]
[PlyCount "133"]
[EventDate "2014.10.25"]
[EventType "swiss"]
[EventRounds "9"]
[EventCountry "GER"]
[SourceTitle "EXT 2015"]
[Source "ChessBase"]
[SourceDate "2014.11.20"]
[SourceVersion "1"]
[SourceVersionDate "2014.11.20"]
[SourceQuality "1"]

1. e4 c5 2. Nf3 a6 3. c3 e6 4. d4 d5 5. exd5 exd5 6. Be2 Nf6 7. 0-0 cxd4 8. Re1 Be7 9. Nxd4 0-0 10. Nd2 Nc6 11. N2b3 h6 12. Bf4 Bd6 13. Nxc6 bxc6 14. Bxd6 Qxd6 15. Qd4 Bf5 16. Bf3 Rfe8 17. Nc5 a5 18. c4 Qc7 19. h3 Rad8 20. Rxe8+ Rxe8 21. Rc1 Qe7 22. cxd5 cxd5 23. Nb3 Qb4 24. Bxd5 Re1+ 25. Rxe1 Qxe1+ 26. Kh2 Be4 27. Bxe4 Nxe4 28. Qe3 Qb4 29. Nxa5 Nxf2 30. Qxf2 Qxa5 31. b3 Qe5+ 32. Qg3 Qd4 33. a4 Qb4 34. Qe3 Kf8 35. Qd3 g6 36. Qe3 h5 37. Kg1 Kg7 38. Kf1 Kf8 39. Ke2 Qb7 40. Qf3 Qe7+ 41. Kd3 Qd6+ 42. Kc4 Qc7+ 43. Kb5 Qb8+ 44. Ka6 Qd6+ 45. Kb7 Qd7+ 46. Kb6 Qd8+ 47. Ka7 Qd4+ 48. Ka6 Qd6+ 49. Kb5 Qe5+ 50. Kc4 Qc7+ 51. Kd3 Qd6+ 52. Ke2 Qd4 53. Qd3 Qe5+ 54. Kf1 Qf4+ 55. Kg1 Qc1+ 56. Kh2 Qf4+ 57. Qg3 Qb4 58. Kh1 Qc5 59. Qb8+ Kg7 60. b4 Qe3 61. b5 f5 62. Kh2 f4 63. Qb7+ Kh8 64. Qf3 Qd4 65. a5 Qb4 66. a6 Qd4 67. b6 1-0

[Event "Bayern-chI Bank Hofmann 17th"]
[Site "Bad Wiessee"]
[Date "2013.10.26"]
[Round "2"]
[White "Hausrath, Daniel"]
[Black "Grohde, Wolfgang"]
[Result "1-0"]
[WhiteElo "2532"]
[BlackElo "2115"]
[PlyCount "55"]
[EventDate "2013.10.26"]
[EventType "swiss"]
[EventRounds "9"]
[EventCountry "GER"]
[SourceTitle "EXT 2014"]
[Source "ChessBase"]
[SourceDate "2013.11.20"]
[SourceVersion "1"]
[SourceVersionDate "2013.11.20"]
[SourceQuality "1"]

1. Nf3 Nf6 2. g3 b6 3. Bg2 Bb7 4. 0-0 g6 5. d4 Bg7 6. c4 0-0 7. d5 c6 8. Nc3 cxd5 9. cxd5 d6 10. Nd4 Na6 11. Nc6 Bxc6 12. dxc6 Nc7 13. Qa4 Qb8 14. Qh4 b5 15. b4 Rd8 16. Rd1 d5 17. Be3 e5 18. Bc5 Ne6 19. Be7 g5 20. Qh3 e4 21. Qf5 Ne8 22. Bxd8 Qxd8 23. Rac1 N8c7 24. Nxd5 Nxd5 25. Rxd5 Qb6 26. Bxe4 Nd4 27. Rxd4 Qxd4 28. c7 1-0

[Event "Dresden ZMD op 22nd"]
[Site "Dresden"]
[Date "2013.08.16"]
[Round "7"]
[White "Humburg, Philipp"]
[Black "Grohde, Wolfgang"]
[Result "1-0"]
[WhiteElo "2054"]
[BlackElo "2141"]
[PlyCount "69"]
[EventDate "2013.08.10"]
[EventType "swiss"]
[EventRounds "9"]
[EventCountry "GER"]
[SourceTitle "CBM 155 Extra"]
[Source "ChessBase"]
[SourceDate "2013.08.26"]
[SourceVersion "1"]
[SourceVersionDate "2013.08.26"]
[SourceQuality "1"]

1. e4 c5 2. Nf3 e6 3. d4 cxd4 4. Nxd4 a6 5. Bd3 Nf6 6. 0-0 Qc7 7. Qe2 d6 8. Nc3 Nbd7 9. f4 b5 10. a3 Bb7 11. Kh1 h5 12. Bd2 h4 13. h3 Be7 14. Be1 Nh5 15. Rd1 Qb6 16. Nb3 e5 17. fxe5 Nxe5 18. a4 bxa4 19. Nxa4 Qc7 20. Nc3 g5 21. Nd5 Bxd5 22. exd5 Nf4 23. Qe4 Nexd3 24. cxd3 Qb7 25. Bc3 0-0 26. Na5 Qd7 27. Nc6 Bd8 28. Rxf4 gxf4 29. Qxf4 f6 30. Qxh4 Qg7 31. Rf1 Qg5 32. Qe4 Bb6 33. Ne7+ Kg7 34. Rf4 Rae8 35. Rg4 1-0

[Event "Dresden ZMD op 22nd"]
[Site "Dresden"]
[Date "2013.08.14"]
[Round "5"]
[White "Andre, Gordon"]
[Black "Grohde, Wolfgang"]
[Result "1-0"]
[WhiteElo "2333"]
[BlackElo "2141"]
[PlyCount "93"]
[EventDate "2013.08.10"]
[EventType "swiss"]
[EventRounds "9"]
[EventCountry "GER"]
[SourceTitle "CBM 155 Extra"]
[Source "ChessBase"]
[SourceDate "2013.08.26"]
[SourceVersion "1"]
[SourceVersionDate "2013.08.26"]
[SourceQuality "1"]

1. Nf3 d5 2. c4 e6 3. d4 c6 4. e3 f5 5. Bd3 Nf6 6. 0-0 Bd6 7. b3 0-0 8. Ba3 Bxa3 9. Nxa3 Qe7 10. Qc1 a6 11. Ne5 Nbd7 12. f4 Ne4 13. Nb1 Nxe5 14. fxe5 Bd7 15. Bxe4 fxe4 16. Rxf8+ Rxf8 17. Nc3 Be8 18. Qd2 b5 19. Ne2 Qf7 20. Ng3 bxc4 21. bxc4 Qb7 22. Qc2 Qb6 23. c5 Qd8 24. Qd2 Qb8 25. Qc2 Rf7 26. Rb1 Rb7 27. Rb3 Rb5 28. Ne2 Qd8 29. a4 Qa5 30. Nc3 Rb4 31. Qb2 Rc4 32. h3 h6 33. Qd2 Kh7 34. Qb2 Bg6 35. Kh2 Bh5 36. Qd2 Bg6 37. Qe1 Rxa4 38. Rb7 Ra1 39. Qh4 Rf1 40. Ne2 Qa1 41. Ng3 Qe1 42. Qg4 Rf7 43. Rb8 Qxe3 44. Qxe6 h5 45. Qe8 Kh6 46. Qxf7 Bxf7 47. Nf5+ 1-0

[Event "Dresden ZMD op 22nd"]
[Site "Dresden"]
[Date "2013.08.12"]
[Round "3"]
[White "Faldum, Manfred"]
[Black "Grohde, Wolfgang"]
[Result "1/2-1/2"]
[WhiteElo "1886"]
[BlackElo "2141"]
[PlyCount "65"]
[EventDate "2013.08.10"]
[EventType "swiss"]
[EventRounds "9"]
[EventCountry "GER"]
[SourceTitle "CBM 155 Extra"]
[Source "ChessBase"]
[SourceDate "2013.08.26"]
[SourceVersion "1"]
[SourceVersionDate "2013.08.26"]
[SourceQuality "1"]

1. e4 c5 2. Nf3 e6 3. d3 d5 4. Nbd2 Nc6 5. g3 Nge7 6. Bg2 g6 7. 0-0 Bg7 8. Re1 b6 9. c3 Qc7 10. exd5 exd5 11. d4 cxd4 12. cxd4 0-0 13. Nb3 Bg4 14. h3 Bxf3 15. Bxf3 Rfe8 16. Bf4 Qd7 17. Bg4 Nf5 18. Qd3 Nce7 19. h4 h5 20. Bh3 Qa4 21. Be5 f6 22. Bf4 Kf7 23. Rac1 Rac8 24. Rxc8 Rxc8 25. Qe2 Qd7 26. a4 Rc4 27. a5 Qc6 28. axb6 axb6 29. Bxf5 Nxf5 30. Ra1 Ra4 31. Rc1 Rc4 32. Ra1 Ra4 33. Rc1 1/2-1/2

[Event "Bayern-chI Bank Hofmann 14th"]
[Site "Bad Wiessee"]
[Date "2010.11.04"]
[Round "7"]
[White "Grohde, Wolfgang"]
[Black "Egger, Thomas"]
[Result "0-1"]
[WhiteElo "2125"]
[BlackElo "2216"]
[PlyCount "92"]
[EventDate "2010.10.30"]
[EventType "swiss"]
[EventRounds "9"]
[EventCountry "GER"]
[SourceTitle "EXT 2011"]
[Source "ChessBase"]
[SourceDate "2010.11.26"]
[SourceVersion "1"]
[SourceVersionDate "2010.11.26"]
[SourceQuality "1"]

1. d4 d5 2. c4 c6 3. Nf3 Nf6 4. Qc2 g6 5. e3 Bg7 6. Nbd2 0-0 7. Bd3 Nbd7 8. h3 Re8 9. b3 e5 10. dxe5 Nxe5 11. Nxe5 Rxe5 12. Nf3 Re8 13. Bb2 dxc4 14. bxc4 Nd7 15. Bxg7 Kxg7 16. Qc3+ Qf6 17. Qxf6+ Kxf6 18. Be2 Nc5 19. 0-0 Rd8 20. Rfd1 Be6 21. Nd4 Ke7 22. Nxe6 Nxe6 23. Kf1 Rxd1+ 24. Rxd1 Rd8 25. Rxd8 Nxd8 26. Ke1 Kd6 27. Kd2 Kc5 28. Kc3 f6 29. Bg4 f5 30. Be2 Nf7 31. g4 Ng5 32. Bd3 Ne4+ 33. Bxe4 fxe4 34. g5 b5 35. cxb5 cxb5 36. a3 a5 37. Kb3 Kd5 38. Kc3 Ke5 39. h4 Kd5 40. Kb3 Kc5 41. Kc3 b4+ 42. axb4+ axb4+ 43. Kb3 Kb5 44. Kb2 Kc4 45. Kc2 b3+ 46. Kb2 Kb4 0-1

[Event "Dresden ZMD op"]
[Site "Dresden"]
[Date "2010.07.18"]
[Round "9"]
[White "Ulvnes, Roar Nikolai"]
[Black "Grohde, Wolfgang"]
[Result "0-1"]
[WhiteElo "1992"]
[BlackElo "2119"]
[PlyCount "94"]
[EventDate "2010.07.10"]
[EventType "swiss"]
[EventRounds "9"]
[EventCountry "GER"]
[SourceTitle "CBM 137 Extra"]
[Source "ChessBase"]
[SourceDate "2010.09.01"]
[SourceVersion "1"]
[SourceVersionDate "2010.09.01"]
[SourceQuality "1"]

1. e4 c5 2. Nf3 e6 3. c3 d5 4. exd5 exd5 5. d4 Nf6 6. Bb5+ Bd7 7. Qe2+ Be7 8. Ne5 0-0 9. Nxd7 Nbxd7 10. 0-0 a6 11. Bd3 Re8 12. Qf3 Qb6 13. dxc5 Bxc5 14. Bf5 Ne5 15. Qd1 g6 16. b4 Bxf2+ 17. Rxf2 gxf5 18. Qd4 Qe6 19. Bf4 Nc6 20. Qd3 Ng4 21. Rf1 Nce5 22. Qg3 Ng6 23. h3 Qb6+ 24. Kh1 Ne3 25. Bxe3 Rxe3 26. Qg5 f4 27. Nd2 Rg3 28. Qh6 Qe3 29. Nf3 Qe2 30. Rg1 f6 31. Nd4 Qe5 32. Rge1 Qg5 33. Qxg5 fxg5 34. Nf3 Rc8 35. Rac1 h5 36. Re6 Kf7 37. Rd6 g4 38. hxg4 hxg4 39. Ng5+ Kg7 40. Rxd5 Rgxc3 41. Rd7+ Kg8 42. Rxc3 Rxc3 43. Kg1 Rc1+ 44. Kf2 Rc2+ 45. Kf1 g3 46. Ne6 Rf2+ 47. Ke1 Nh4 0-1

[Event "Dresden ZMD op"]
[Site "Dresden"]
[Date "2010.07.13"]
[Round "4"]
[White "Grohde, Wolfgang"]
[Black "Jojua, Davit"]
[Result "1/2-1/2"]
[WhiteElo "2119"]
[BlackElo "2530"]
[PlyCount "53"]
[EventDate "2010.07.10"]
[EventType "swiss"]
[EventRounds "9"]
[EventCountry "GER"]
[SourceTitle "CBM 137 Extra"]
[Source "ChessBase"]
[SourceDate "2010.09.01"]
[SourceVersion "1"]
[SourceVersionDate "2010.09.01"]
[SourceQuality "1"]

1. d4 Nf6 2. c4 g6 3. Nc3 Bg7 4. e4 d6 5. Nf3 0-0 6. Be2 Nbd7 7. 0-0 e5 8. Qc2 c6 9. d5 c5 10. Bg5 h6 11. Bd2 Nh5 12. g3 Ndf6 13. Nh4 Bg4 14. Bxg4 Nxg4 15. f3 Ngf6 16. Ng2 Nd7 17. g4 Nhf6 18. Ne2 Rb8 19. a4 Ne8 20. Ng3 Nc7 21. h4 Na6 22. Ra3 Nb4 23. Qc1 Kh7 24. h5 a5 25. Kf2 g5 26. Nf5 Nb6 27. Ke2 1/2-1/2

[Event "Bayern-chI Bank Hofmann 13th"]
[Site "Bad Wiessee"]
[Date "2009.11.01"]
[Round "2"]
[White "Ringoir, Tanguy"]
[Black "Grohde, Wolfgang"]
[Result "1-0"]
[WhiteElo "2399"]
[BlackElo "2114"]
[PlyCount "51"]
[EventDate "2009.10.31"]
[EventType "swiss"]
[EventRounds "9"]
[EventCountry "GER"]
[SourceTitle "EXT 2010"]
[Source "ChessBase"]
[SourceDate "2010.11.25"]
[SourceVersion "1"]
[SourceVersionDate "2010.11.25"]
[SourceQuality "1"]

1. e4 c5 2. c3 d5 3. exd5 Qxd5 4. d4 Nf6 5. Nf3 e6 6. Be3 cxd4 7. cxd4 Be7 8. Nc3 Qd8 9. Bd3 0-0 10. 0-0 b6 11. Re1 Bb7 12. Bc2 Na6 13. a3 Nc7 14. Ne5 Rc8 15. Bg5 Ncd5 16. Qd3 a6 17. Qh3 Re8 18. Bxf6 Nxf6 19. Nxf7 Kxf7 20. Qxe6+ Kf8 21. Bb3 Bd5 22. Bxd5 Nxd5 23. Nxd5 Bf6 24. Qf5 Qd6 25. g4 Kg8 26. g5 1-0

[Event "Bayern-chI Bank Hofmann 12th"]
[Site "Bad Wiessee"]
[Date "2008.11.02"]
[Round "2"]
[White "Mainka, Romuald"]
[Black "Grohde, Wolfgang"]
[Result "1-0"]
[WhiteElo "2482"]
[BlackElo "2138"]
[PlyCount "105"]
[EventDate "2008.11.01"]
[EventType "swiss"]
[EventRounds "9"]
[EventCountry "GER"]
[SourceTitle "EXT 2009"]
[Source "ChessBase"]
[SourceDate "2008.11.26"]
[SourceVersion "1"]
[SourceVersionDate "2008.11.26"]
[SourceQuality "1"]

1. e4 c5 2. Nf3 e6 3. Nc3 a6 4. g3 d6 5. Bg2 Nf6 6. 0-0 Be7 7. d3 Nc6 8. Ng5 h6 9. Nh3 e5 10. f4 Bg4 11. Qd2 Bxh3 12. Bxh3 0-0 13. Qg2 Nd4 14. Nd1 Nh7 15. Ne3 Nf6 16. Bd2 b5 17. Kh1 Kh7 18. Rf2 Ra7 19. Raf1 b4 20. c3 bxc3 21. bxc3 Nc6 22. Nc4 Qb8 23. Bf5+ Kh8 24. Qh3 Ng8 25. Bg4 Bf6 26. Bd1 Nd8 27. Ne3 Rb7 28. Ng4 Qc8 29. fxe5 Bxe5 30. Qh5 g6 31. Qh4 h5 32. Ne3 f6 33. Kg2 Rh7 34. Qh3 Ne6 35. Bb3 Ng5 36. Qxc8 Rxc8 37. Bxg8 Kxg8 38. Nd5 h4 39. gxh4 Rxh4 40. Bxg5 Rxh2+ 41. Kg1 Rxf2 42. Rxf2 Rb8 43. Bxf6 Rb1+ 44. Kg2 Rd1 45. Bxe5 dxe5 46. Rf6 Kg7 47. Rxa6 Rxd3 48. a4 Rd2+ 49. Kf3 Ra2 50. a5 Ra3 51. Ra8 Ra4 52. a6 g5 53. a7 1-0

[Event "Dresden ZMD op"]
[Site "Dresden"]
[Date "2007.07.26"]
[Round "6"]
[White "Grohde, Wolfgang"]
[Black "Dehmel, Jens"]
[Result "1/2-1/2"]
[WhiteElo "2157"]
[BlackElo "2107"]
[PlyCount "47"]
[EventDate "2007.07.21"]
[EventType "swiss"]
[EventRounds "9"]
[EventCountry "GER"]
[SourceTitle "EXT 2008"]
[Source "ChessBase"]
[SourceDate "2007.11.25"]
[SourceVersion "1"]
[SourceVersionDate "2007.11.25"]
[SourceQuality "1"]

1. d4 d5 2. c4 c6 3. Nf3 Nf6 4. Nc3 e6 5. e3 Nbd7 6. Qc2 Bd6 7. b3 0-0 8. Be2 Re8 9. 0-0 Qe7 10. Bb2 dxc4 11. bxc4 h6 12. Rae1 Ba3 13. Bxa3 Qxa3 14. Ne5 Qd6 15. f4 c5 16. Nb5 Qb6 17. dxc5 Qxc5 18. Bd3 Rd8 19. Nxd7 Nxd7 20. Qe2 Nf6 21. Rc1 Qb6 22. Kh1 Bd7 23. Nd4 Rac8 24. Qd2 1/2-1/2

[Event "Bargteheide op"]
[Site "Bargteheide"]
[Date "2007.05.19"]
[Round "5"]
[White "Zart, Ruediger"]
[Black "Grohde, Wolfgang"]
[Result "0-1"]
[WhiteElo "1993"]
[BlackElo "2176"]
[PlyCount "78"]
[EventDate "2007.05.17"]
[EventType "swiss"]
[EventRounds "7"]
[EventCountry "GER"]
[SourceTitle "EXT 2010"]
[Source "ChessBase"]
[SourceDate "2010.11.25"]
[SourceVersion "1"]
[SourceVersionDate "2010.11.25"]
[SourceQuality "1"]

1. d4 Nf6 2. c4 e6 3. Nf3 d5 4. Nc3 Be7 5. Bg5 Nbd7 6. e3 0-0 7. Rc1 c6 8. Bd3 dxc4 9. Bxc4 b5 10. Bd3 Bb7 11. 0-0 a6 12. Ne2 Rc8 13. Ng3 c5 14. Qe2 h6 15. Bf4 Nd5 16. dxc5 Nxf4 17. exf4 Rxc5 18. Rxc5 Nxc5 19. Bb1 Bd5 20. Qc2 f5 21. Ne5 Bd6 22. f3 Nd7 23. Re1 Nf6 24. Kh1 Qb8 25. Qe2 Qc7 26. a3 Rc8 27. Bd3 Qc5 28. Rd1 Qc7 29. Re1 Rd8 30. Qe3 Qc5 31. Qd2 Qb6 32. Qc2 Qb8 33. Qe2 Qc7 34. Rd1 Bc5 35. a4 bxa4 36. Bxa6 Bb3 37. Rf1 Qd6 38. Qb5 Bd4 39. Qa5 Ra8 0-1